000 00651nam a2200157Ia 4500
008 090124s9999 xx 000 0 und d
082 _b23444
245 _a महाराष्ट्र राज्य मानचित्र संग्रह
250 _a0
260 _bटिळक महाराष्ट्र विद्यापीठ
_c1967
300 _a288
630 _a महाराष्ट्र राज्य मानचित्र संग्रह
700 _aआपटे न . गं .
730 _a महाराष्ट्र राज्य मानचित्र संग्रह
942 _cBOOK
999 _c92338
_d92338